000 01684nam0a2200397 i 4500
001 RU\NLR\BIBL_A\010703234
005 20260405190220.0
010 _a9785906693143
_91000
021 _aRU
_b2015-5141
_9322
035 _a(NILC)RuMoRGB-007858990
035 _a(NLR Aleph) 010703234
090 _a9730823
_c9730823
100 _a20150318d2015 um y0rusy50 ca
101 0 _arus
_aeng
102 _aRU
105 _aa|||z||||00zy
200 1 _aКаретные часы
_dThe carriage clock
_eлитературно-художественный альбом
_fЛюдмила Максимчук
_g[ил. авт.]
_zeng
210 _aМосква
_cГаллея-Принт
_d2015
215 _a159 с.
_cцв. ил.
_d28
300 _aАвт. также на англ. яз.: Ludmila Maksimchuk
300 _aТекст на рус. и англ. яз.
510 1 _6z73790
_aCarriage clock
_zeng
600 1 _aМаксимчук
_bЛ. В.
_f1948
_gЛюдмила Викторовна
_92225403
_3RU\NLR\AUTH\6601568919
686 1 _aЩ153(2Р=Рус)7-8Максимчук
686 2 _aШ6(2=Р)8я44
700 1 _8rus
_7ca
_aМаксимчук
_bЛ. В.
_f1948-
_gЛюдмила Викторовна
_3RU\NLR\AUTH\7782409
_965337
702 1 _4440
_8rus
_7ca
_aМаксимчук
_bЛ. В.
_f1948-
_gЛюдмила Викторовна
_3RU\NLR\AUTH\7782409
_965337
790 1 _8rus
_7ba
_aMaksimčuk
_bL. V.
_f1948-
_gLjudmila Viktorovna
_3RU\NLR\AUTH\7782410
_965338
801 0 _aRU
_bРГБ
_c20150115
_gRCR
801 1 _aRU
_bРГБ
_c20150115
_2rusmarc
942 _cBOOK
980 _aNBR